| 000 | 01523cam a22003494a 4500 | ||
|---|---|---|---|
| 001 | 13134381 | ||
| 003 | NUST-PNEC | ||
| 005 | 20170116180715.0 | ||
| 008 | 030324s2004 flua bf 001 0 eng | ||
| 010 | _a 2003046278 | ||
| 020 | _a0849311403 | ||
| 040 | _cPNEC | ||
| 042 | _apcc | ||
| 050 | 0 | 0 |
_aR856.15 _b.B565 2004 |
| 082 | 0 | 0 |
_a610.28 MOO _221 |
| 100 |
_9670 _aMoore, James |
||
| 245 | 0 | 0 |
_aBiomedical technology and devices handbook / _cedited by James Moore, George Zouridakis. |
| 260 |
_aBoca Raton : _bCRC Press, _cc2004. |
||
| 300 |
_a1 v. (various pagings) : _bill. ; _c26 cm. |
||
| 440 | 4 | _aThe mechanical engineering handbook series | |
| 500 | _aIncludes Index http://www.amazon.com/Biomedical-Technology-Handbook-Mechanical-Engineering/dp/0849311403/ref=sr_1_1?s=books&ie=UTF8&qid=1413461013&sr=1-1&keywords=0849311403 | ||
| 504 | _aIncludes bibliographical references and index. | ||
| 650 | 0 |
_aBiomedical engineering _vHandbooks, manuals, etc. _xGeneral |
|
| 650 | 0 |
_aMedical instruments and apparatus _vHandbooks, manuals, etc. |
|
| 700 | 1 |
_aMoore, James E., _cJr., _d1964- |
|
| 700 | 1 | _aZouridakis, George. | |
| 856 | 4 | 2 |
_3Book review (E-STREAMS) _uhttp://www.e-streams.com/es0710/es0710_3637.html |
| 856 | 4 | 2 |
_3Publisher description _uhttp://www.loc.gov/catdir/enhancements/fy0646/2003046278-d.html |
| 906 |
_a7 _bcbc _corignew _d1 _eocip _f20 _gy-gencatlg |
||
| 942 |
_2ddc _cBK |
||
| 999 |
_c61125 _d61125 |
||